[Event "Pardubice Czech op-A 27th"]
[Site "Pardubice"]
[Date "2016.07.23"]
[Round "2"]
[White "Kourousis, Epaminondas"]
[Black "Zakhartsov, Viacheslav V"]
[Result "1/2-1/2"]
[WhiteElo "2382"]
[BlackElo "2532"]
[Annotator "Zakhartsov,Vi"]
[PlyCount "100"]
[EventDate "2016.07.22"]
[EventType "swiss"]
[EventRounds "9"]
[EventCountry "CZE"]
[SourceTitle "CBM 175"]
[Source "ChessBase"]
[SourceDate "2016.11.10"]
[SourceVersion "1"]
[SourceVersionDate "2016.11.10"]
[SourceQuality "1"]

1. d4 Nf6 2. c4 e6 3. Nf3 b6 4. g3 Ba6 5. Qa4 Bb7 6. Bg2 c5 7. dxc5 bxc5 8. O-O
Be7 9. Rd1 O-O 10. Bf4 Qb6 11. Nc3 d6 12. Rd2 h6 {Black can neutralise the
pressure on the d-file without ...Rd8, preparing ...e5 and ...Nc6.} 13. h3 ({
Black was fine after} 13. Rad1 e5 14. Be3 Nc6 15. Qb5 Qc7 16. Qb3 a6 17. Nh4
Rfb8 18. Bxc6 (18. Qc2 Nd4 19. Qc1 Bxg2 20. Nxg2 Qb7 21. b3 Bd8 22. Rb2 Ba5 23.
Na4 Bb4 24. Bxd4 cxd4 25. Rc2 Bc5 26. Ne1 e4 27. Rcd2 Qd7 28. Ng2 g5 29. Rxd4
Bxd4 {1/2-1/2, D'Costa Lorin (ENG) 2381 - Roser Kevin (FRA) 2423, Paris 
(France) 2012.07.10}) 18... Qxc6 19. f3 e4 20. Qc2 Re8 21. fxe4 Qc8 22. Nf3 Qh3
23. Kh1 Bf8 24. Rd5 Bxd5 25. cxd5 Ng4 26. Bg1 g6 27. e5 Nxe5 28. Ne4 Ng4 29.
Nh4 Rab8 30. Ng2 Rxe4 31. Qxe4 Qxh2+ 32. Bxh2 Nf2+ 33. Kg1 Nxe4 34. b3 h5 35.
Rc1 Bg7 36. Rc2 g5 37. Ne1 Re8 38. Kf1 Nc3 39. Rd2 g4 40. Ng2 Bh6 {0-1,
Onischuk Alexander (USA) 2644 - Eljanov Pavel (UKR) 2720, Foros (Ukraine) 2008.
06.15}) 13... e5 14. Be3 Nc6 15. Rb1 {A logical novelty. He is preparing b2-b4.
} (15. Nh4) (15. Qb5) 15... Nd4 16. b4 Bc6 (16... Ne4 $2 {runs into} 17. bxc5
Nxc3 18. Rxb6 $1 Bxf3 (18... Nxa4 19. Rxb7 Nf5 20. Rxe7 $1 Nxe7 21. cxd6 Nc6
22. Ne1 {and White is winning}) 19. Qd7 Ncxe2+ 20. Rxe2 Nxe2+ 21. Kh2 Bxg2 22.
Rb3 Bf6 23. Kxg2 dxc5 24. Bxc5 {and White should win.}) 17. Qd1 Qc7 18. bxc5
dxc5 19. Nb5 Nxb5 {I followed the dictum "the worst bishop is better than the
best knight".} ({Howewer,} 19... Bxb5 $5 {deserved serious attention:} 20. cxb5
Nf5 21. Qb3 e4 22. Nh2 (22. Bf4 Bd6 23. Bxd6 Nxd6 24. Ne5 Rab8 25. a4 Nxb5 26.
axb5 Qxe5 {loses a pawn}) 22... c4 23. Qc3 Nxe3 24. Qxe3 Bc5 25. Qf4 Qxf4 (
25... Qe7 $5 26. Rc2 Rac8 {may be even better}) 26. gxf4 e3 27. Rc2 exf2+ 28.
Kf1 Rac8 {with better chances for Black.}) 20. cxb5 Be4 21. Rc1 c4 {A natural
push.} ({But} 21... Rfb8 $5 {was a bit stronger:} 22. Qb3 (22. a4 c4 {and
White is deprived of the Qa4-opportunity}) 22... a6 23. a4 axb5 24. axb5 Ra5
25. Rb2 Rb6 {surrounding the b-pawn.}) 22. Qa4 c3 23. Rdd1 Rfc8 24. h4 c2 25.
Rd2 Qc3 {Again the most natural, but not strongest.} (25... Bc5 $5 {forced
White to find one of two narrow ways to equality:} 26. Rdxc2 (26. Bxc5 Qxc5 27.
Ng5 $1 (27. Qb3 Rab8 28. a4 a6 {winning a pawn}) 27... Bxg2 28. Kxg2 hxg5 29.
hxg5 Ne8 30. Rdxc2 Qd5+ 31. e4 Rxc2 (31... Qb7 32. Rxc8 Rxc8 33. Rxc8 Qxc8 34.
Qxa7 Nd6 {should be a draw}) 32. exd5 Rxc1 33. b6 a6 34. g6 fxg6 35. b7 Rb8 36.
Qxa6 Rc7 37. Qe6+ Kh7 38. Qh3+ Kg8 {with a draw}) 26... Bxc2 27. Rxc2 Qd6 28.
Rxc5 Rxc5 29. Bxc5 Qxc5 30. Nxe5 Rb8 31. Nd3 Qxb5 32. Qxa7 {with approximately
equal chances.}) 26. Ne1 {Here I felt that the initiative was lost and that I
should make a draw.} Rc4 (26... Ba3 $2 {is bad due to} 27. Rcxc2 Bxc2 28. Nxc2
Bc1 29. Rd3 Qxc2 30. Qxc2 Rxc2 31. Bxa8 Bxe3 32. Rxe3 Rxa2 33. Rxe5 {with a
pawn up}) (26... Qa3 $1 {was the most precise move:} 27. Qxa3 Bxa3 28. Rcxc2
Bxc2 29. Bxa8 Ba4 30. Bc6 Bb4 31. Rd3 {!} Bxe1 32. Ra3 Bc2 (32... Bxb5 33. Bxb5
a5 {may be equal, but White has the notorious 2 bishops}) 33. Kf1 Bb4 34. Rxa7
Bf5 35. a4 Be6 36. a5 Bd5 37. Bxd5 Nxd5 38. b6 Rb8 39. b7 Kh7 (39... Nxe3+ 40.
fxe3 Bxa5 41. Rxa5 Rxb7 42. Rxe5 {also should be a draw}) 40. a6 Nc7 {with a
draw after an eventual ...Nxa6.}) 27. Qb3 Qxb3 28. axb3 Rb4 29. Rdxc2 Rxb5 30.
Rc8+ Rxc8 31. Rxc8+ Kh7 32. Rc7 Bb4 (32... Bxg2 33. Kxg2 (33. Rxe7 Bd5) 33...
Nd5 34. Rxa7 Rxb3 {=}) 33. Bxe4+ Nxe4 34. Nd3 {Now things become not so simple.
} a5 35. Rxf7 Bc3 36. Re7 Kg6 $6 {In fact I surely could have taken on b3:} (
36... Rxb3 {if I had seen} 37. Nxe5 $6 (37. Kg2 Nf6 38. Ra7 Nd5 39. Nc5 Ra3 {=}
) 37... Nxg3 38. fxg3 Bb4 {, and unexpectedly Black has the upper hand.}) 37.
g4 (37. Kg2) 37... Kf6 $6 (37... Nf6 38. Re6 Rxb3 39. Nc5 Rb1+ 40. Kg2 Bd4 41.
Bxd4 exd4 {and White is only marginally better.}) 38. Rc7 Rxb3 39. f3 Nd6 40.
Rc6 (40. g5+ hxg5 41. Nc1 Ra3 42. Bxg5+ Kf5 $1 (42... Kg6 $2 {loses to} 43. Rc6
Bb4 44. Be7) 43. e4+ Kg6 44. Be7 (44. Rc6 {?!} Bb4 45. Be7 Rxf3 46. Kg2 Rf7 47.
Bxd6 Rf6 48. Nb3 a4 49. Rc4 Bxd6 50. Rxa4 Kh5 {and Black is a bit better})
44... Bb2 45. Bxd6 Ra1 46. Kf2 Rxc1 47. Rxc1 Bxc1 48. Bxe5 Ba3 {and, despite
White's extra pawn, Black should make a draw due to the strong passer on a5.})
40... Ke7 41. Rc7+ Kf6 42. Nc5 Rb1+ 43. Kg2 Bd4 44. Nd7+ {In approaching time
trouble he didn't dare play on} (44. g5+ hxg5 45. hxg5+ Kf5 46. Bxd4 exd4 47.
Rxg7 Nc4 48. Ne4 a4 49. Ng3+ Kf4 50. g6 Ne3+ 51. Kh2 Rb8 52. Rf7+ Kg5 53. g7
Rg8 54. Ra7 a3 55. Ne4+ Kh6 56. Rxa3 Rxg7 {and Black should hold this endgame.}
) 44... Ke6 45. Bxd4 exd4 46. Nc5+ Kf6 47. Nd7+ Ke6 48. Nc5+ Kf6 49. Nd7+ Ke6
50. Nc5+ Ke5 1/2-1/2

[Event "Paleochora op 8th"]
[Site "Paleochora"]
[Date "2015.07.23"]
[Round "8"]
[White "Zakhartsov, Viacheslav V"]
[Black "Banikas, Hristos"]
[Result "1/2-1/2"]
[WhiteElo "2548"]
[BlackElo "2628"]
[Annotator "Zakhartsov,Vi"]
[PlyCount "64"]
[EventDate "2015.07.17"]
[EventType "swiss"]
[EventRounds "9"]
[EventCountry "GRE"]
[SourceTitle "EXT 2017"]
[Source "ChessBase"]
[SourceDate "2016.10.25"]
[SourceVersion "1"]
[SourceVersionDate "2016.10.25"]
[SourceQuality "1"]

1. d4 Nf6 2. c4 e6 3. Nf3 b6 4. g3 Ba6 5. Qb3 Nc6 6. Nbd2 Na5 7. Qa4 {Lately
this continuation has become more popular than} (7. Qc3) 7... Bb7 (7... c5 $6
8. e4 Bb7 9. d5 exd5 10. exd5 Bd6 (10... Be7 11. Bd3 O-O 12. O-O d6 13. Re1 Bc8
14. Qc2 Nb7 15. b3 Bg4 16. Bb2 {with obvious advantage, Wojtaszek - Djukic,
Istanbul 2012}) 11. Bd3 Qe7+ 12. Kf1 O-O 13. Kg2 Rfe8 14. Qc2 b5 15. b3 Rab8
16. Bb2 h6 17. Rae1 Qd8 18. Bxf6 Qxf6 19. Ne4 {, and White is winning, Vi.
Zakhartsov - Grapsa, Paleochora 2015}) 8. Bg2 c5 9. dxc5 bxc5 10. O-O Be7 11.
Ne5 Qc7 {More rare than} (11... Bxg2 12. Kxg2 O-O 13. Ndf3 Qc7 14. Rd1 d6 15.
Bd2 Nb7 16. Nc6 {with a tiny white edge.}) 12. Bxb7 Nxb7 13. Ndf3 Bd6 $5 {
An interesting novelty.} (13... Nd6 14. Rd1 Rb8 15. b3 Nfe4 16. Bb2 f6 17. Nd3
h5 {Moiseenko - Navara, Khanty-Mansiysk, 2011}) 14. Nd3 O-O 15. Rd1 (15. Re1
Ne4 16. Qc2 Nd8) 15... Rfc8 16. Qc2 Be7 (16... h6) 17. Nf4 $6 {Here the knight
has no prospects.} ({I should play} 17. Bg5 h6 18. Bxf6 Bxf6 19. e4 d6 20. Qe2
Na5 21. e5 dxe5 22. Ndxe5 {with equality.}) 17... Nd8 18. b3 d6 19. Bb2 h6 20.
e4 Nc6 {Now I found myself in some trouble. Black has a clear plan to push
a-pawn in order to create weakness on b3, whereas White cannot to push e4-e5.}
21. Qe2 Nd7 22. h4 $6 ({I had to find} 22. Qd2 a5 23. Ne2 {!} a4 24. Nc3 axb3
25. Nb5 Qb8 26. axb3 {with equality.}) 22... Bf6 {Allowing White to escape.} (
22... a5 23. Nd3 e5 {, and Black is ready to a5-a4.}) 23. Bxf6 Nxf6 24. Rd2 a5
25. Rad1 e5 26. Nd5 Nxd5 27. Rxd5 Nd4 (27... a4 28. Rxd6 axb3 29. axb3 Nd4 30.
Nxd4 Qxd6 31. Nf5 Qf8 32. Rd5 {with full compensation for the exchange.}) 28.
Nxd4 exd4 (28... cxd4 29. a4 Rab8 30. Rb5 {, also with equality.}) 29. e5 dxe5
30. Qxe5 Qxe5 31. Rxe5 a4 32. Rd3 axb3 1/2-1/2

[Event "Pardubice Czech op-A 21st"]
[Site "Pardubice"]
[Date "2010.07.26"]
[Round "4"]
[White "Salem, AR Saleh"]
[Black "Zakhartsov, Viacheslav V"]
[Result "0-1"]
[WhiteElo "2469"]
[BlackElo "2608"]
[Annotator "Zakhartsov,Vi"]
[PlyCount "108"]
[EventDate "2010.07.23"]
[EventType "swiss"]
[EventRounds "9"]
[EventCountry "CZE"]
[SourceTitle "CBM 137 Extra"]
[Source "ChessBase"]
[SourceDate "2010.09.01"]
[SourceVersion "1"]
[SourceVersionDate "2010.09.01"]
[SourceQuality "1"]

1. d4 Nf6 2. c4 e6 3. Nf3 b6 4. g3 Ba6 5. Qc2 Bb7 6. Bg2 c5 7. d5 exd5 8. cxd5
Nxd5 9. O-O Be7 10. Qe4 Bc6 {The most simple. I was not quite prepared for the
relatively rare 10.Qe4.} ({As my opponent pointed out in the post-mortem, he
had hoped for} 10... Na6 11. Nh4 g6 12. Nf5 {!} gxf5 13. Qe5 {, as in the
recent game Riazantsev-Karjakin, Poikovsky 2010.}) 11. Ne5 Nf6 12. Nxc6 Nxc6
13. Qa4 Nd4 {I have slightly mixed the variations. This move has been played
in several games after} (13... O-O 14. Rd1) 14. Nc3 b5 15. Nxb5 Nxe2+ 16. Kh1
Rb8 (16... Nxc1 $6 17. Bxa8 Qxa8+ 18. f3 {, and due to the threat Nc7 White
would have an exchange up.}) 17. Re1 {An interesting attacking attempt,
although a rather dubious one.} (17. Bd2 $5 {deserved serious attention:} Qb6
18. Na3 Nd4 19. Rae1 {and Black cannot castle:} Ne6 20. f4) 17... Nxc1 18. Nd6+
Kf8 19. Nf5 g6 20. Nxe7 (20. Qf4 Ng4 $5 (20... gxf5 21. Qh6+ Kg8 22. Qg5+ Kf8 {
draw}) 21. Nh6 (21. Qxg4 {?} Nd3 22. Re2 Rxb2 (22... gxf5 23. Qxf5 c4 24. Bd5
Bf6 25. Bxc4 {with compensation fer the piece}) 23. Nxe7 Qxe7 {!} 24. Rxe7
Nxf2+ 25. Kg1 Nxg4 26. Rxd7 Kg7 {and Black should win.}) 21... Nxh6 22. Qxh6+
Kg8 23. Qxc1 d6 {and Black is a pawn up, intending to play ...Bf6 and ...Kg7})
20... Nd3 21. Qa6 (21. Qh4 Ng8 22. Re3 Nxf2+ 23. Kg1 Nxe7 24. Qf6 Rg8 25. Qxf2
Nf5) 21... Nxf2+ (21... Ng4 $1 {was also strong:} 22. Re2 Ngxf2+ 23. Kg1 Qb6
24. Qc4 Qb4 25. Qd5 Qd4 26. Qxd4 cxd4 27. Nd5 Ng4 {with a big black advantage.}
) 22. Kg1 Rb6 23. Qc4 N2g4 (23... N2e4 {!?} 24. Nd5 (24. Bxe4 Qxe7 25. Bxg6 Re6
) 24... Nxd5 25. Qxd5 Nf6 26. Qxc5+ Kg7) 24. Qxc5 Kg7 25. Qd4 Re8 26. Nd5 Rxe1+
27. Rxe1 Re6 28. Rf1 Qb8 29. Rf4 h5 (29... Qe5 {deserved serious attention:}
30. Qxe5 (30. Rxg4 Nxg4 31. Qxg4 Qxb2 {with a big advantage}) 30... Rxe5 31.
Nxf6 Re1+ 32. Bf1 Nxf6 33. Ra4 d5 34. Kg2 (34. Rxa7 Rb1 35. b3 Ng4 {winning.})
34... Re7 {and Black should win this ending.}) 30. h3 Ne5 31. g4 $6 (31. b4 {
would be much better.}) 31... hxg4 32. hxg4 Nxd5 33. Bxd5 Rf6 34. Rxf6 Kxf6 35.
Kg2 Kg5 {The right move with the wrong idea.} 36. Kh3 Qh8+ 37. Kg2 Qf6 $2 {
Overlooking White's next move.} (37... f5 38. gxf5 gxf5 39. b4 Qf6 40. Qxa7 Ng4
{should be winning for Black.}) 38. Kg3 Kh6 {The only move.} 39. Qxa7 Nxg4 40.
Qxd7 ({In the event of either} 40. Kxg4 Qf5+ 41. Kg3 Qxd5) ({or} 40. Bxf7 $5
Qg5 41. Bb3 Ne5+ 42. Kf2 Qd2+ 43. Kg3 d5 {Black would have kept an advantage.})
40... Ne5 41. Qh3+ Kg7 42. Qh4 Qb6 43. Qe4 {White has to give up a pawn,
because} (43. Bb3 {loses to} Qe3+ 44. Kg2 Qf3+ 45. Kh2 Qxb3 $1 (45... f6 {
also wins}) 46. axb3 Nf3+ {with a winning pawn ending.}) 43... Qxb2 44. a4 (44.
Qe3 f6 45. a4 Qb4) 44... Qc3+ 45. Kg2 f5 46. Qe2 Kf6 (46... g5 47. a5 Ng6 {
would win more easily.}) 47. Qf2 Ng4 48. Qh4+ Ke5 49. Qh8+ Nf6 50. Bf7 (50. Bf3
Qc2+ 51. Kh3 Qxa4) 50... Qb2+ 51. Kg1 Qb1+ 52. Kf2 f4 (52... g5) 53. a5 Qb2+
54. Kf1 {Loses immediately.} ({Though, after} 54. Kg1 g5 {Black should win too:
} 55. Qc8 (55. a6 g4 56. a7 Qd4+) 55... Qd4+ 56. Kg2 Qd2+ 57. Kg1 Qd1+ 58. Kg2
f3+ 59. Kg3 Ne4+ 60. Kh3 g4+ 61. Kxg4 f2+) 54... f3 0-1

[Event "Nalchik FIDE GP (Women)"]
[Site "Nalchik"]
[Date "2011.10.17"]
[Round "8"]
[White "Zhao, Xue"]
[Black "Kosintseva, Nadezhda"]
[Result "1-0"]
[WhiteElo "2497"]
[BlackElo "2560"]
[Annotator "Zhao,Xue"]
[PlyCount "69"]
[EventDate "2011.10.09"]
[EventType "tourn"]
[EventRounds "11"]
[EventCountry "RUS"]
[EventCategory "11"]
[SourceTitle "CBM 145"]
[Source "ChessBase"]
[SourceDate "2011.11.11"]
[SourceVersion "1"]
[SourceVersionDate "2011.11.11"]
[SourceQuality "1"]

1. d4 Nf6 2. c4 e6 3. Nf3 b6 {Nadezhda gave me a little surprise, she prefers
the Ragozin (D38).} 4. g3 Ba6 5. Qa4 {After this Nadezhda started to be very
careful. She spent a long time on each move. It seems like I made a wise
choice in the opening :)} Bb7 6. Bg2 c5 7. dxc5 bxc5 8. O-O Be7 9. Nc3 O-O 10.
Rd1 Qb6 11. Bf4 Rd8 12. Rd2 d6 13. Rad1 h6 14. h3 {After a long time thiking,
Nadezhda choose a more active move.} ({I think Nadezhada probably wanted to
copy Bacrot's game:} 14. Qb5 Ne8 15. e4 g5 16. Be3 Nd7 17. h4 g4 18. Ne1 Kg7
19. Bf4 Bc6 20. Qxb6 axb6 21. Nc2 Ne5 22. Ne3 Nf3+ 23. Bxf3 gxf3 24. h5 Bf6 25.
Ng4 Bxc3 26. bxc3 Bxe4 27. Bxh6+ Kh7 28. Bg5 Rd7 29. Bf4 f6 30. Kh2 e5 31. Nxe5
fxe5 32. Bxe5 Bf5 33. Bxd6 Rad8 34. Bf4 Rxd2 35. Rxd2 Rxd2 36. Bxd2 Nd6 37. Bf4
Nxc4 38. g4 Bxg4 39. h6 Be6 40. Kg3 Bd5 41. Kg4 Nb2 42. a3 Nd1 43. c4 Nxf2+ {
0-1 Wang Yue (2732) -Bacrot,E (2716)/Nanjing CHN 2010}) 14... e5 15. Be3 Nc6
16. Nh2 $1 $146 {Ready to play Ng4 which is strong and reasonable, fighting
for Black's weak d5-square.} Nd4 (16... Nb4 17. Ng4 $1 Nd7 18. Ne4 Bc6 (18...
f5 $2 19. Nxd6 Bxg2 20. Nxf5 Bf8 (20... Bxh3 21. Nxe7+ Kh7 22. Rxd7 Bxg4 23.
Rxd8 Rxd8 24. Rxd8 Qxd8 25. Bxc5 $18) 21. Kxg2 $18 {White wins}) (18... h5 19.
Nxd6 Bxg2 20. Kxg2 hxg4 21. Nf5 Qb7+ 22. Kh2 Nf6 (22... Nf8 23. a3 gxh3 24.
Nxe7+ Qxe7 25. axb4 Qb7 26. Rd5 cxb4 27. f3 Rxd5 28. Rxd5 e4 29. f4 a5 30. b3
$14 {White is a pawn down, but with the active position of his pieces, still
has a clear initiative.}) 23. Qb5 $1 Qxb5 (23... Rdb8 $2 24. Rd8+ Bxd8 25.
Rxd8+ Kh7 26. Qxb7 Rxb7 27. Rxa8 Nc2 28. b3 $16) 24. cxb5 Rxd2 (24... Re8 25.
Nxe7+ Rxe7 26. Bxc5 Rb7 27. Bxb4 Rxb5 28. Ba3 Ne4 29. Rd8+ Rxd8 30. Rxd8+ Kh7
31. Rd7 Nxf2 32. Rxf7 Nxh3 33. Rxa7 Rd5 34. Re7 Kg6 35. Bb4 $16) 25. Nxe7+ Kf8
26. Rxd2 Ne4 27. Rd7 Ke8 28. Rb7 Nd6 29. Rc7 Kd8 30. Rxc5 Kxe7 31. Rxe5+ Kf6
32. Bd4 Rc8 33. hxg4 Rc4 34. g5+ Kg6 35. Bxa7 Nxa2 36. Rd5 $36) 19. Qb3 h5 (
19... f5 $6 20. Nxh6+ gxh6 21. Nxd6 f4 (21... Bxg2 22. Nxf5 Qe6 (22... Qf6 23.
Nxh6+ Kg7 24. Kxg2 Nb6 25. Rxd8 Rxd8 26. Rxd8 Bxd8 27. g4 $16) 23. Nxe7+ Qxe7
24. Kxg2 Nc6 25. Qa3 Rac8 26. h4 $36) 22. gxf4 Bxg2 23. Kxg2 Qc6+ (23... Rf8
24. a3 Nd5 (24... exf4 25. axb4 Bg5 26. Bxc5 Nxc5 27. Qf3 Qxb4 28. Rd5 $16) 25.
Qc2 Nxe3+ 26. fxe3 Rf6 27. Qe4 Raf8 28. fxe5 Rf2+ 29. Kh1 $18) 24. Kh2 Rf8 25.
Rg1+ Kh8 26. Rg6 Rf6 27. Nf7+ Kh7 28. Rxf6 Nxf6 29. Nxe5 $16) 20. Nh2 Bxe4 21.
Bxe4 Rab8 22. h4 $5 Nf6 23. Bb1 Qa6 24. Bg5 Nc6 (24... e4 25. Bxf6 Bxf6 26.
Bxe4 Nxa2 (26... Bd4) 27. Qf3 Rxb2 28. Rxb2 Bxb2 29. Qxh5 Nc3 30. Bh7+ Kf8 31.
Rd2 Re8 32. Nf1 Na4) (24... Rb6 25. Bxf6 Bxf6 26. Nf1 Nc6 27. Qf3 Nd4 (27...
Qxc4 $2 28. Ne3 Qe6 29. Nd5 Nd4 30. Qe4 g6 31. e3 $18) 28. Qd5 Rd7 29. b3 Qb7
30. Ne3 Bd8 31. Be4 Qxd5 32. Nxd5 $14) 25. Qc3 Nd4 26. b3 $14 {Because Black's
knight could be driven away at any time, White's pressure on the semi-open
d-file is good enough to guarantee an initiative.}) 17. Ng4 Nd7 $2 ({Black
should play} 17... Nxg4 $1 18. hxg4 Rdb8 19. Nd5 Qd8 {White doesn't have a
clear advantage} 20. Bxd4 (20. f4 Bf6 21. Bf2 (21. Qa3 a5 22. Bf2 Bxd5 23. Bxd5
Ra6 24. f5) 21... exf4 22. gxf4 Bxd5 23. Bxd5 Qc8 24. Kf1 Qxg4 25. Qa3 a5 26.
Bxa8 Rxa8 27. Qg3 Qe6 28. b3 Re8 {Black's extra pawn and active pieces are
enough for compensation}) (20. Qa3 $5 a5 21. Bxd4 exd4 22. e3 Bxd5 23. Bxd5
dxe3 24. Qxe3 Ra7 25. Bc6 Qf8 26. Qf3 a4 27. Bb5 Bf6 28. Rxd6 Bd4 29. Rd5 Re7
30. Kh2 Re6 31. Rd2 Rf6 32. Rf5 Re6 33. Rf4 g6 34. Re4 Rxe4 35. Qxe4 Qd8) 20...
cxd4 21. Qa3 Qd7 (21... Bg5 22. f4 Bf6 23. e3 dxe3 24. Qxe3 $14 exf4 25. gxf4
a5 26. Nxf6+ Qxf6 27. g5 hxg5 28. fxg5 Qf5 29. Rf2 Qg6 30. Qf4 Ra6 31. Bxb7
Rxb7) 22. Nxe7+ Qxe7 23. e3 dxe3 24. Qxe3 Bxg2 25. Kxg2 $14 {might have
brought White some advantage.}) 18. Nd5 Bxd5 19. Bxd5 Rab8 20. Bxh6 {This is a
confident sacrifice. I think it's quite good.} ({But Houdini thinks} 20. Bxd4
$1 {is better} cxd4 21. Qc2 $36 {White's attack is unstoppable.}) 20... Qc7 (
20... Kh8 21. Be3 (21. e3 Nf5 22. Bxg7+ Nxg7 23. Nh6 f5 24. Nf7+ Kh7 25. e4)
21... f5 22. Nh2 Nf6 23. Bg2 {White has an advantage.}) (20... Qb4 21. Qxa7 Kf8
22. Be3 Nb6 23. Qa6 Kg8 24. b3 {White still keeps an advantage.}) ({After the
simple} 20... gxh6 21. Nxh6+ Kg7 22. Nxf7 Nf6 23. Nxd8 Bxd8 24. e3 {White has
3 extra pawns, and still keeps pressing against Black's territory, I was
satisfied with this position. This was the position I had foreseen when I
played Bh6.}) 21. Rxd4 $1 {This is the best move I made in this tournament, a
positional sacrifice. The strong bishop on d5 makes sure that White has a
strong attack and enough compensation.} exd4 22. Qc2 Ne5 23. Bf4 Rb6 ({Much
better than} 23... Nxg4 $2 24. hxg4 $40 {Black cannot stop the white attack
g5-g6, Kg2, Rh1, a variety of offensive means}) 24. Qe4 {A natural and strong
move.} Bf8 ({Because of White's threats} 24... a5 {perhaps is a better choice.}
{After the game Houdini found 25.Rd3!! which is very powerful:} 25. Rd3 $3 (25.
b3 {during the game I thought about 25.b3 and to maintain pressure on Black's
king.} Re8 (25... Bf8 26. Bxe5)) 25... a4 (25... Nxd3 26. Nh6+ gxh6 (26... Kh8
27. Nxf7+ Kg8 28. Ne5+ Kf8 29. Qh7) (26... Kf8 27. Qh7 $18) 27. Qg6+ Kh8 28.
Qxh6+ Kg8 29. Qg6+ Kh8 30. Qh5+ Kg8 31. Qxf7+ Kh8 32. Qh5+ Kg7 33. Qh6#) 26.
Rf3 Nxf3+ 27. exf3 Kf8 28. Qf5 $18 {White has less material, but the strong
d5-bishop separates Black's pieces, Black cannot find a proper defence to
protect the king.}) (24... Re8 {will be met by} 25. b4 $1 Bf8 26. bxc5 Qxc5 27.
Rxd4 Qc7 28. Rd3 $18) 25. Bg5 $2 {This move shows lack of imagination.} ({
I missed the move to open up the center which is} 25. b4 $1 cxb4 26. c5 Qxc5 (
26... dxc5 27. Nxe5) 27. Rc1 {Black cannot hold any longer} Nxg4 (27... Qb5 28.
Nf6+ gxf6 29. Bxe5 Bg7 30. Bxf6 $18) 28. Rxc5 dxc5 29. hxg4 $18) 25... Re8 (
25... Rdb8 26. b3 {is better as White still keeps the pressure.}) 26. f4 Nxg4
27. Qxe8 Ne3 $4 {Under time pressure, Nadezhda made a huge mistake.} ({But if} 
27... Nf6 28. Bxf6 gxf6 29. Rd2 $16 {White still has an advantage.}) 28. Bd8
Rb8 29. Qxf8+ $1 {White wins.} Kxf8 30. Bxc7 Rxb2 31. Bxd6+ Ke8 32. Rc1 Nxd5
33. cxd5 Rxe2 34. Bxc5 d3 35. Rd1 1-0

[Event "SWE-ch"]
[Site "Borlange"]
[Date "2014.07.12"]
[Round "1"]
[White "Andersson, Tommy"]
[Black "Carlsson, Pontus"]
[Result "0-1"]
[WhiteElo "2336"]
[BlackElo "2485"]
[Annotator "Ziegler,A"]
[PlyCount "80"]
[EventDate "2014.07.12"]
[EventType "tourn"]
[EventRounds "9"]
[EventCountry "SWE"]
[EventCategory "10"]
[SourceTitle "CBM 161 Extra"]
[Source "ChessBase"]
[SourceDate "2014.08.29"]
[SourceVersion "1"]
[SourceVersionDate "2014.08.29"]
[SourceQuality "1"]

1. d4 e6 2. c4 Nf6 3. Nf3 b6 4. g3 Ba6 5. Qa4 Bb7 6. Bg2 c5 7. dxc5 Bxc5 8. O-O
O-O 9. Nc3 Be7 10. Rd1 a6 11. Bf4 d6 12. Qb4 ({Better was.} 12. Qa3) 12... Nc6
13. Qa4 Qc7 14. Qc2 Rac8 15. Rac1 Nb8 16. Qb1 {to sophisticated.} Nbd7 17. b3
h6 18. h3 Qb8 19. g4 {positionally unsound.} b5 20. cxb5 axb5 21. a3 Ba8 22.
Na2 e5 23. Be3 d5 $17 24. Nh4 Bxa3 25. Rxc8 Rxc8 26. b4 d4 27. Bxh6 Bxg2 28.
Kxg2 Qa8+ 29. f3 gxh6 30. Nf5 Kf8 31. Nxh6 e4 32. Rxd4 Ne5 33. Qb3 exf3+ 34.
exf3 Rc4 35. Rxc4 Nxc4 36. Qc3 Bb2 37. Qe1 Qxa2 38. Qf2 Ne3+ 39. Kh1 Qb1+ 40.
Kh2 Bd4 0-1